Suy nghĩ về bình đẳng giới dưới góc nhìn pháp luật
Nam nữ bình đẳng là một trong những quyền cơ bản của quyền con người. Trong xã hội dân chủ, quyền này luôn được tôn trọng. Tuy nhiên, việc thực hiện và bảo vệ quyền bình đẳng giới bên cạnh những ưu điểm và tiến bộ còn bộc lộ nhữ...
Zapisane w:
| 1. autor: | |
|---|---|
| Format: | Książka |
| Język: | Undetermined |
| Wydane: |
Hà Nội
Tư Pháp
2007
|
| Hasła przedmiotowe: | |
| Etykiety: |
Dodaj etykietę
Nie ma etykietki, Dołącz pierwszą etykiete!
|
| Thư viện lưu trữ: | Trung tâm Học liệu Trường Đại học Cần Thơ |
|---|
| LEADER | 01175nam a2200217Ia 4500 | ||
|---|---|---|---|
| 001 | CTU_157494 | ||
| 008 | 210402s9999 xx 000 0 und d | ||
| 020 | |c 10000 | ||
| 082 | |a 342.087 | ||
| 082 | |b Th250 | ||
| 100 | |a Trịnh, Đình Thể | ||
| 245 | 0 | |a Suy nghĩ về bình đẳng giới dưới góc nhìn pháp luật | |
| 245 | 0 | |c Trịnh Đình Thể | |
| 260 | |a Hà Nội | ||
| 260 | |b Tư Pháp | ||
| 260 | |c 2007 | ||
| 520 | |a Nam nữ bình đẳng là một trong những quyền cơ bản của quyền con người. Trong xã hội dân chủ, quyền này luôn được tôn trọng. Tuy nhiên, việc thực hiện và bảo vệ quyền bình đẳng giới bên cạnh những ưu điểm và tiến bộ còn bộc lộ những tồn tại cần được xã hội khắc phục nhằm xây dựng một xã hội dân chủ, công bằng, văn minh. | ||
| 650 | |a Woman rights,Quyền phụ nữ | ||
| 650 | |z Vietnam,Việt Nam | ||
| 904 | |i Anh Tho,Qhieu | ||
| 980 | |a Trung tâm Học liệu Trường Đại học Cần Thơ | ||